Logo biblioteca
Santa Fe 2917, Rosario, Santa Fe
Lu-Vi 8 a 19.45
+54-341-4232362
bibliotecaeudoro@gmail.com
Facebook Biblioteca Pedagógica
Sitio web

Garzas / (Registro nro. 32415)

Detalles MARC
000 -CABECERA
campo fijo de control de longitud 00724nab a2200205 4500
003 - IDENTIFICADOR DEL NÚMERO DE CONTROL
campo de control AR-RoBPED
005 - FECHA Y HORADE LA ULTIMA TRANSACCION
campo de control 20260313190410.0
008 - ELEMENTOS DE LONGITUD FIJA--INFORMACION GENERAL
campo fijo de control de longitud 260313d1898198?ag |||p| ||||s00| 0 spa d
040 ## - FUENTE CATALOGADORA
Centro catalogador/agencia de origen AR-RoBPED
041 ## - IDIOMA
Código de idioma para texto/pista de sonido o título independiente spa
100 1# - ENCABEZAMIENTO PRINCIPAL--AUTOR PERSONAL
Nombre de persona Solari, C.
9 (RLIN) 30067
245 10 - TITULO
Título Garzas /
Mención de responsabilidad C. Solari.
300 ## - DESCRIPCION FISICA
Extensión pág. 219-220
362 ## - FECHAS DE PUBLICACION Y/O DESIGNACION SECUENCIAL
Fecha de publicación y/o designación secuencial Año 13, no. 155 (abr. 1901)
500 ## - NOTA GENERAL
Nota general Boletín de Educación. Santa Fe : Consejo General de Educación, 1886-198?. Año 13, N° 155 (abr. 1901), páginas 219-220.
650 #4 - TERMINO DE MATERIA--CONTROLADO
Término controlado AVES
9 (RLIN) 1567
773 0# - DOCUMENTO FUENTE
Host Biblionumber 22998
Host Itemnumber 30340
Encabezamiento principal Santa Fe.
Place, publisher, and date of publication Santa Fe : Consejo General de Educación, [1886-198-?].
Título Boletín de Educación :
Record control number (AR-RoBPED)22998
942 ## - ELEMENTOS KOHA
Número Koha k. 32415
Koha tipo de ítem Revistas
945 ## - PROCESAMIENTO DE LA INFORMACIÓN LOCAL
Catalogador y fecha efp 13/03/2026

No hay ítems disponibles.